Fundamentals of electronic image processing / (Record no. 82)
[ view plain ]
| 000 -LEADER | |
|---|---|
| fixed length control field | 01095nac a22002291u 4500 |
| 010 ## - LIBRARY OF CONGRESS CONTROL NUMBER | |
| LC control number | 96003272 |
| 020 ## - INTERNATIONAL STANDARD BOOK NUMBER | |
| International Standard Book Number | 0780334108 (hardcover) |
| 020 ## - INTERNATIONAL STANDARD BOOK NUMBER | |
| International Standard Book Number | 8120324080(softcover) |
| 082 00 - DEWEY DECIMAL CLASSIFICATION NUMBER | |
| Classification number | 621.36/7 |
| Item number | W395 |
| 090 ## - LOCALLY ASSIGNED LC-TYPE CALL NUMBER (OCLC); LOCAL CALL NUMBER (OCLC) | |
| -- | 82 |
| -- | 82 |
| 100 ## - MAIN ENTRY--PERSONAL NAME | |
| Personal name | Weeks, Arthur R. |
| 245 10 - TITLE STATEMENT | |
| Title | Fundamentals of electronic image processing / |
| Statement of responsibility, etc | Arthur R. Weeks, Jr. |
| 260 ## - PUBLICATION, DISTRIBUTION, ETC. (IMPRINT) | |
| Place of publication, distribution, etc | New Delhi |
| Name of publisher, distributor, etc | Prentice Hall of India |
| Place of publication, distribution, etc | New York : |
| Name of publisher, distributor, etc | IEEE Press, |
| Date of publication, distribution, etc | 2005. |
| 300 ## - PHYSICAL DESCRIPTION | |
| Extent | xiii, 570 p. : |
| Other physical details | ill. (some col.), maps ; |
| Dimensions | 26 cm. |
| 440 #0 - | |
| -- | SPIE/IEEE series on imaging science & engineering |
| 650 #0 - SUBJECT ADDED ENTRY--TOPICAL TERM | |
| Topical term or geographic name as entry element | Image processing. |
| 856 42 - ELECTRONIC LOCATION AND ACCESS | |
| Materials specified | Publisher description |
| Uniform Resource Identifier | <a href="http://www.loc.gov/catdir/description/wiley037/96003272.html">http://www.loc.gov/catdir/description/wiley037/96003272.html</a> |
| 856 42 - ELECTRONIC LOCATION AND ACCESS | |
| Materials specified | Table of Contents |
| Uniform Resource Identifier | <a href="http://www.loc.gov/catdir/toc/onix07/96003272.html">http://www.loc.gov/catdir/toc/onix07/96003272.html</a> |
| 942 ## - ADDED ENTRY ELEMENTS (KOHA) | |
| Item type | Book - Borrowing |
| Call number prefix | 621.367W395 |
| Withdrawn status | Item status | Damaged status | Not for loan | Home library | Current library | Shelving location | Date acquired | Source of acquisition | Total Checkouts | Full call number | Barcode | Date last seen | Cost, replacement price | Koha item type |
|---|---|---|---|---|---|---|---|---|---|---|---|---|---|---|
| Central Library | Central Library | First floor | 18/12/2005 | Purchase | 621.367 WEE | 000004699 | 15/07/2025 | 150.00 | Book - Borrowing | |||||
| Central Library | Central Library | First floor | 06/08/2006 | Purchase | 621.367 WEE | 000003671 | 15/07/2025 | 150.00 | Book - Borrowing |